| 000 | 01533nam a2200421 i 4500 | ||
|---|---|---|---|
| 001 | 8350 | ||
| 003 | KOSZ 005 | ||
| 005 | 20200514135141.0 | ||
| 008 | 070620s1969 pl a f 000 0 pol | ||
| 015 | _aPB 1969/7153 | ||
| 040 |
_aWA N _cWA N _dKOSZ 005/RW _dKOSZ 005/HR |
||
| 041 | 1 |
_apol _hger |
|
| 046 | _k1969 | ||
| 080 | _a624.01/.07:531 | ||
| 100 | 1 |
_aBöttger, Wulf _eAutor |
|
| 245 | 1 | 0 |
_aObliczanie pryzmatycznych tarczownic sprężonych / _cWulf Böttger ; tł. Roman E. Czarnota-Bojarski. |
| 246 | 1 |
_iTyt. oryg.: _aPraktisches Verfahren zur Berechnung prismatischer Faltwerke unter besonderer Berücksichtigung der Vorspannung. |
|
| 260 |
_aWarszawa _bArkady, _c1969. |
||
| 300 |
_a140 s. : _bil. ; _c25 cm. |
||
| 336 |
_2rdacontent _aTekst _btxt |
||
| 337 |
_2rdamedia _aBez urządzenia pośredniczącego _bn |
||
| 338 |
_2rdacarrier _aWolumin _bnc |
||
| 380 | _aKsiążki | ||
| 380 | _aPublikacje naukowe | ||
| 388 | _a1901-2000 | ||
| 388 | _a1945-1989 | ||
| 504 | _aBibliogr. s. [139]-140. | ||
| 650 | 4 | _aKonstrukcje budowlane | |
| 650 | 4 | _aKonstrukcje sprężone | |
| 650 | 4 | _aPrzekrycia | |
| 650 | 4 | _aMechanika budowli | |
| 650 | 4 | _aNaprężenia i odkształcenia | |
| 658 | _aArchitektura i budownictwo | ||
| 700 | 1 |
_aCzarnota-Bojarski, Roman _d(1909-1978) _eTłumaczenie |
|
| 710 | 2 |
_aWydawnictwo Arkady _4pbl. |
|
| 856 |
_uhttp://koha.tu.koszalin.pl/cgi-bin/koha/opac-detail.pl?biblionumber=8350 _yKatalog online BPK |
||
| 942 |
_2UKD _cKS |
||
| 999 |
_c8350 _d8350 |
||